| 000 | 00680nam a2200193 a 4500 | ||
|---|---|---|---|
| 001 | BRCA_1016 | ||
| 005 | 20190320203238.0 | ||
| 008 | 071105s1993----mx-a---###---#000-0#spa-d | ||
| 041 | _aspa | ||
| 044 | _amx | ||
| 050 | 4 |
_aNC1807.M4 _b.B54 2 1993 |
|
| 100 | 1 |
_aLópez Castro, Rafael _93345 |
|
| 245 | 1 | 0 |
_aRLC _bdiseño gráfico : Segunda Bienal Internacional del Cartel en México _cRafael López Castro. |
| 260 |
_aMéxico _bTrama Visual : Instituto Nacional de Bellas Artes _c1993 |
||
| 300 |
_a1 v. (sin paginación) _bil. a color _c32 cm. |
||
| 650 | 1 | 4 |
_aArtes gráficas _vCatálogos _xBienal _93346 |
| 740 | 0 | _aSegunda Bienal Internacional del Cartel en México | |
| 942 |
_2lcc _cB |
||
| 999 |
_c896 _d896 |
||